[Event "ch-Gdansk"]
[Site "Gdansk POL"]
[Date "2007.07.25"]
[Round "5"]
[White "Poniewierski,P"]
[Black "Kempinski,T"]
[Result "1-0"]
[WhiteElo "2046"]
[BlackElo "2287"]

1.Nf3 Nf6 2.c4 g6 3.g3 Bg7 4.Bg2 O-O 5.O-O d6 6.d4 Nbd7 7.Nc3 e5 8.e4 h6
9.h3 exd4 10.Nxd4 Nc5 11.Be3 a5 12.Qc2 c6 13.Rad1 Qe7 14.Rfe1 Re8 15.Bf4 Nfd7
16.Be3 Qf8 17.b3 Ne6 18.Qd2 Ndc5 19.Nde2 Rd8 20.f4 f5 21.Qc2 Nc7 22.e5 N7a6
23.Qd2 Be6 24.exd6 Rd7 25.Bxc5 Nxc5 26.Qe3 Ne4 27.Nxe4 fxe4 28.c5 Re8 29.Nc3 g5
30.fxg5 hxg5 31.Qxg5 Rf7 32.Bxe4 Bxh3 33.Qg6 Rxe4 34.Nxe4 Bf5 35.Qg5 Kh8
36.Qh4+ Kg8 37.Rf1 Qe8 38.Rxf5 Rxf5 39.d7  1-0

[Event "ch-Gdansk"]
[Site "Gdansk POL"]
[Date "2007.07.29"]
[Round "9"]
[White "Poniewierski,P"]
[Black "Murawski,W"]
[Result "1-0"]
[WhiteElo "2046"]
[BlackElo "2138"]

1.c4 Nf6 2.Nf3 g6 3.g3 Bg7 4.Bg2 O-O 5.O-O d6 6.d4 Nbd7 7.Nc3 e5 8.h3 c6
9.e4 Qb6 10.Re1 exd4 11.Nxd4 Ng4 12.Nce2 Nge5 13.b3 Nc5 14.Be3 Re8 15.Nc3 Qc7
16.Qc2 a5 17.Rad1 Ned7 18.Re2 Nf6 19.Kh2 Qe7 20.Rde1 Qe5 21.f3 Qh5 22.Qd2 Bd7
23.Bf4 g5 24.Bxg5 Nfxe4 25.Nxe4 Bxd4 26.Qxd4 Nxe4 27.Rxe4 Qxg5 28.f4 Qc5
29.Rd1 Bf5 30.Qxc5 dxc5 31.Rxe8+ Rxe8 32.g4 Bc8 33.f5 f6 34.Kg3 h5 35.Kf4 hxg4
36.hxg4 Kf7 37.Be4 Rh8 38.Rh1 Rxh1 39.Bxh1 Bd7  1-0

[Event "94th ch-GBR"]
[Site "Great Yarmouth ENG"]
[Date "2007.07.30"]
[Round "1"]
[White "Anderson,J"]
[Black "Zhou,Y"]
[Result "1/2-1/2"]
[WhiteElo "2207"]
[BlackElo "2069"]

1.Nf3 Nf6 2.g3 g6 3.Bg2 Bg7 4.c4 O-O 5.d4 d6 6.O-O Nbd7 7.Nc3 e5 8.d5 Ne8
9.Ne1 f5 10.e4 f4 11.Nd3 g5 12.g4 Nef6 13.f3 h5 14.h3 Kf7 15.b4 Rh8 16.c5 Nf8
17.Bd2 hxg4 18.fxg4 Ng6 19.Rc1 Bd7 20.Be1 Qg8 21.Rf2 Qh7 22.Rfc2 Bf8 23.Qf3 Nh4
24.Bxh4  1/2-1/2

[Event "94th ch-GBR"]
[Site "Great Yarmouth ENG"]
[Date "2007.08.03"]
[Round "5"]
[White "De Coverly,R"]
[Black "Mason,D"]
[Result "1/2-1/2"]
[WhiteElo "2086"]
[BlackElo "2251"]

1.Nf3 Nf6 2.c4 g6 3.g3 Bg7 4.Bg2 O-O 5.d4 d6 6.Nc3 Nbd7 7.O-O e5 8.h3 exd4
9.Nxd4 Nb6 10.b3 d5 11.c5 Ne4 12.Nxe4 dxe4 13.Bb2 Nd5 14.c6 Re8 15.Rb1 a5
16.a3 Ra6 17.e3 bxc6 18.Qc2 Qd6 19.Rfd1 Bd7 20.Bxe4 Bxh3 21.Qd3 Rb6 22.Nxc6 Bxb2
23.Bxd5 Rxc6 24.Rxb2 Rc5 25.Rbd2 Qf6 26.Qd4 Qxd4 27.Rxd4 Be6 28.Bxe6 Rxe6
29.Rd5 Rxd5 30.Rxd5 Rb6 31.Rxa5 Rxb3 32.a4 Ra3 33.Ra8+  1/2-1/2

[Event "94th ch-GBR"]
[Site "Great Yarmouth ENG"]
[Date "2007.08.03"]
[Round "5"]
[White "Chapman,T"]
[Black "Hall,Dan"]
[Result "1-0"]
[WhiteElo "2200"]
[BlackElo "2113"]

1.Nf3 Nf6 2.c4 g6 3.g3 Bg7 4.Bg2 O-O 5.O-O d6 6.Nc3 Nbd7 7.Rb1 e5 8.d3 c6
9.Nd2 Re8 10.b4 Nf8 11.b5 c5 12.Nde4 Ne6 13.Nxf6+ Bxf6 14.Bd2 Bg7 15.Kh1 h6
16.Nd5 Nc7 17.Ba5 b6 18.Nxc7 Qxc7 19.Bxa8 Bb7+ 20.Bxb7 Qxb7+ 21.e4 bxa5 22.b6 axb6
23.Qa4 Ra8 24.Rb5 Ra6 25.Rfb1 f5 26.f3 fxe4 27.dxe4  1-0

[Event "Proclient Cup IMA"]
[Site "Olomouc CZE"]
[Date "2007.08.03"]
[Round "4"]
[White "Cernin,R"]
[Black "Chytilek,R"]
[Result "0-1"]
[WhiteElo "2314"]
[BlackElo "2396"]

1.Nf3 g6 2.c4 Bg7 3.g3 Nf6 4.Bg2 O-O 5.O-O c6 6.Nc3 d6 7.d3 a6 8.Rb1 b5 9.b4 bxc4
10.dxc4 Bf5 11.Rb3 Qc8 12.Na4 Qc7 13.Nd4 Bd7 14.Rd3 Ra7 15.e4 c5 16.bxc5 dxc5
17.Ne2 Qa5 18.Nec3 Nc6 19.Be3 Ne5 20.Bxc5 Rb7 21.Rd4 Rc8 22.Ba3 Bg4 23.f3 Be6
24.Nd5 Nxd5 25.cxd5 Bd7 26.d6 exd6 27.f4 Nc4 28.e5 Bxa4 29.Rxc4 Rxc4 30.Qxd6 Rd7  0-1

[Event "KRK WGM"]
[Site "Dobrinj CRO"]
[Date "2007.08.06"]
[Round "2"]
[White "Franciskovic,B"]
[Black "Srebrnic,A"]
[Result "1/2-1/2"]
[WhiteElo "2273"]
[BlackElo "2276"]

1.c4 Nf6 2.Nf3 g6 3.g3 Bg7 4.Bg2 O-O 5.O-O d6 6.Nc3 e5 7.d3 Nc6 8.Rb1 a5
9.a3 Nd4 10.b4 axb4 11.axb4 c6 12.Nxd4 exd4 13.Ne4 Nxe4 14.Bxe4 d5 15.cxd5 cxd5
16.Bf3 Be6 17.Qb3 Qd7 18.Bd2 Ra4 19.b5 Rfa8 20.Rfc1 Bf8 21.b6 Ra3 22.Qb5 Qxb5
23.Rxb5 Ra2 24.Bf4 R8a5 25.Rbb1  1/2-1/2

[Event "ch-AUT"]
[Site "Tweng AUT"]
[Date "2007.08.07"]
[Round "4"]
[White "Hoelzl,F"]
[Black "Alvir,A"]
[Result "1-0"]
[WhiteElo "2353"]
[BlackElo "2375"]

1.Nf3 Nf6 2.c4 g6 3.g3 Bg7 4.Bg2 O-O 5.O-O c6 6.d4 d6 7.Re1 Bf5 8.Nbd2 d5
9.b3 a5 10.Bb2 Qb6 11.Ne5 Rd8 12.e3 Nbd7 13.Qe2 a4 14.Nxd7 Rxd7 15.h3 Rdd8
16.Ba3 Re8 17.g4 Be6 18.f4 Ra6 19.c5 Qd8 20.b4 h5 21.g5 Nh7 22.b5 Ra5 23.bxc6 bxc6
24.Rab1 Bf5 25.Rb6 Qc8 26.Kh2 Nf8 27.Nf3 Nd7 28.Rb4 Qc7 29.Nh4 e6 30.Qd2 Ra7
31.Qd1 Bf8 32.Re2 Be7 33.Kh1 Rea8 34.Nxf5 exf5 35.Reb2 Bd8 36.h4 Qc8 37.Rb1 Bc7
38.Bf1 Ba5 39.R4b2 Nf8 40.Bd3 Re7 41.Re2 Qe8 42.Bc1 Ne6 43.Kg1 Rea7 44.Kf2 f6
45.Reb2 fxg5 46.hxg5 Qc8 47.Bd2 Bd8 48.Bc2 a3 49.Rb3 Qc7 50.Qh1 Qc8 51.Rd3 Rb8
52.Rxb8 Qxb8 53.Bc1 Bc7 54.Rb3 Qa8 55.Bd2 Qd8 56.Qb1 h4 57.Rb7 Ra8 58.Qh1 Nxg5
59.Qg2 Qc8 60.Qxg5 Qxb7 61.Qxg6+ Kf8 62.Qxf5+ Ke8 63.Qh5+  1-0

[Event "HZ Open"]
[Site "Vlissingen NED"]
[Date "2007.08.07"]
[Round "5"]
[White "Verlinde,T"]
[Black "Baekelant,E"]
[Result "1/2-1/2"]
[WhiteElo "2116"]
[BlackElo "1970"]

1.Nf3 Nf6 2.c4 g6 3.g3 Bg7 4.Bg2 O-O 5.O-O d6 6.d4 Nbd7 7.Nc3 e5 8.e4 b6
9.h3 Bb7 10.d5 Nc5 11.Qc2 a5 12.Be3 Nfd7 13.Nd2 f5 14.f4 fxe4 15.Ndxe4 exf4
16.Bxf4 Ba6 17.Bg5 Qc8 18.Rxf8+ Qxf8 19.Rf1 Qe8 20.b3 Qe5 21.Kh2 Re8 22.Bf4 Qe7
23.Rf2 Bd4 24.Re2 Qg7 25.Nxc5 Rxe2 26.Nxe2 Bxc5 27.Qe4 Qf7 28.Qe6 Nf8 29.Qg4 Qe8
30.Bh6 Bc8 31.Qf3 Qf7 32.Qc3 Nd7 33.Bf4 Qf6 34.Qxf6 Nxf6 35.Nc3 Bd7 36.g4 Bd4
37.Ne2 Bb2 38.Kg3 Kf7 39.Bf3 Ne8 40.Kf2 Ng7 41.Ke3 Ne8 42.Kd3 Nf6 43.Ng3 Kg7
44.Ne2 Kf7 45.Bg5 Kg7 46.Nc3 Kf7 47.Be3 Kg7 48.Bd4 Kf7 49.Kc2 Ba3 50.Nb1 Bc5
51.Kc3  1/2-1/2

[Event "Open"]
[Site "Dubna RUS"]
[Date "2007.08.08"]
[Round "9"]
[White "Burkov,G"]
[Black "Gulkov,I"]
[Result "0-1"]
[WhiteElo "2149"]
[BlackElo "2355"]

1.Nf3 Nf6 2.g3 g6 3.Bg2 Bg7 4.c4 O-O 5.Nc3 d6 6.e4 c5 7.d3 Nc6 8.h3 Ne8 9.O-O Nc7
10.Nh4 Nd4 11.f4 e6 12.Kh2 Rb8 13.Ne2 b5 14.Nxd4 Bxd4 15.Nf3 Bg7 16.Qc2 f5
17.Rb1 fxe4 18.dxe4 bxc4 19.Rd1 d5 20.Ne5 Bxe5 21.fxe5 Bb7 22.Bh6 Rf7 23.Rf1 Rxf1
24.Rxf1 Qe7 25.h4 Nb5 26.Rf6 Nd4 27.Qd1 dxe4 28.Qg4 Nf5 29.Bg5 Qe8 30.Bc1 e3
31.h5 Bxg2 32.Kxg2 Qa4 33.Kh3 Qc2 34.Rxg6+ hxg6 35.Qxg6+ Kf8 36.Qf6+ Ke8
37.Qxe6+ Ne7 38.Qh6 Qxc1 39.Qh8+ Kd7 40.Qxb8 Qh1+ 41.Kg4 Qe4+ 42.Kh3 e2 43.Qd6+ Ke8
44.e6 e1=Q 45.Qd7+ Kf8 46.Qd8+ Kg7 47.Qxe7+ Kh6 48.Qf8+ Kxh5 49.Qh8+ Kg6
50.Qg8+ Kf5 51.Qf8+ Ke5 52.Qh8+ Kxe6 53.Qe8+ Kd6 54.Qd8+ Kc6 55.Qc8+ Kb6
56.Qd8+ Kc6 57.Qc8+ Kd5 58.Qd8+ Ke5 59.Qh8+ Kf5 60.Qf8+ Kg5 61.Qg8+ Qg6 62.Qd8+ Kf5
63.Qd5+ Qe5 64.Qf3+ Kg5  0-1

[Event "Open"]
[Site "Dubna RUS"]
[Date "2007.08.08"]
[Round "9"]
[White "Kotchnev,A"]
[Black "Zuzin,V"]
[Result "0-1"]
[WhiteElo "2125"]
[BlackElo "2265"]

1.Nf3 Nf6 2.c4 g6 3.g3 Bg7 4.Bg2 O-O 5.O-O d6 6.Nc3 e5 7.d3 Nc6 8.Rb1 a5
9.a3 Bd7 10.b4 axb4 11.axb4 Qc8 12.b5 Ne7 13.Re1 Bh3 14.Bh1 h6 15.Qb3 Ng4
16.Ba3 Qe6 17.Nd5 Nxd5 18.cxd5 Qd7 19.Qb4 b6 20.Bb2 f5 21.Ra1 Rae8 22.Nd2 h5
23.e3 f4 24.exf4 exf4 25.Bxg7 fxg3 26.hxg3 Qxg7 27.Nf3 Qf6 28.Qd2 Ne5 29.Nxe5 Rxe5
30.Rxe5 Qxe5 31.Re1 Qf6 32.d4 h4 33.Qc3 hxg3 34.Qxg3 Bf5 35.Bg2 Kg7 36.Qe3 Bd7
37.Qe7+ Rf7 38.Qxf6+ Kxf6 39.Bf1 Re7 40.Rxe7 Kxe7 41.Bd3 Kf6 42.f3 Bf5 43.Be2 Kg5
44.Kf2 Kf4 45.Bf1 Bc2 46.Bc4 Bd1 47.Bd3 g5  0-1

[Event "94th ch-GBR"]
[Site "Great Yarmouth ENG"]
[Date "2007.08.09"]
[Round "10"]
[White "De Coverly,R"]
[Black "Dossett,C"]
[Result "1-0"]
[WhiteElo "2086"]
[BlackElo "2001"]

1.Nf3 Nf6 2.g3 g6 3.Bg2 Bg7 4.c4 O-O 5.d4 d6 6.O-O Nbd7 7.Nc3 e5 8.e4 exd4
9.Nxd4 Re8 10.h3 Nc5 11.Re1 a6 12.a4 Rb8 13.Ra3 Ne6 14.Be3 Bd7 15.b4 Qc8
16.Nc2 b5 17.axb5 axb5 18.Ba7 Rb7 19.cxb5 Nh5 20.b6 Ng5 21.Qd2 Nxh3+ 22.Kh2 Be5
23.Nd5 Nxf2 24.Qxf2 Bxg3+ 25.Rxg3 Nxg3 26.Qxg3 cxb6 27.Bxb6 Qxc2 28.Bd4 Re5
29.Bxe5 dxe5 30.Qxe5 Be6 31.Ra1 Qc8 32.Nf6+ Kf8 33.Nxh7+ Ke7 34.Qf6+ Ke8
35.Ra8  1-0

[Event "Arctic Chess Challenge"]
[Site "Tromso NOR"]
[Date "2007.08.09"]
[Round "6"]
[White "Kulago,A"]
[Black "Markosian,D"]
[Result "1/2-1/2"]
[WhiteElo "2146"]
[BlackElo "2343"]

1.Nf3 Nf6 2.c4 g6 3.g3 Bg7 4.Bg2 O-O 5.O-O d6 6.d4 Nbd7 7.Nc3 e5 8.e4 c6
9.h3 Re8 10.Re1 exd4 11.Nxd4 Nc5 12.Rb1 a5 13.b3 Nfd7 14.Be3 Ne5 15.Re2 a4
16.f4 axb3 17.fxe5 bxa2 18.Rxa2 Rxa2 19.Nxa2 Bxe5 20.Ne2 Qa5 21.Qd2  1/2-1/2

[Event "94th ch-GBR"]
[Site "Great Yarmouth ENG"]
[Date "2007.08.10"]
[Round "11"]
[White "Chapman,T"]
[Black "Knott,S"]
[Result "1-0"]
[WhiteElo "2200"]
[BlackElo "2374"]

1.c4 Nf6 2.Nf3 g6 3.g3 Bg7 4.Bg2 O-O 5.O-O d5 6.cxd5 Nxd5 7.d4 Nc6 8.e4 Nb6
9.d5 Na5 10.Qe1 Nac4 11.Nc3 c6 12.b3 cxd5 13.bxc4 dxe4 14.Ng5 f5 15.Rb1 Nxc4
16.Ncxe4 fxe4 17.Qxe4 Nd6 18.Qd5+ Kh8 19.Ba3 Qd7 20.Bxd6 exd6 21.Ne4 Rf5
22.Qxd6 Ra5 23.Rfc1 Qxd6 24.Nxd6 Bf5 25.Rxb7 Be5 26.Nf7+ Kg8 27.Nh6+ Kh8
28.Nf7+ Kg8 29.Re7 Bb2 30.Nh6+  1-0

[Event "5th Staunton Mem"]
[Site "London ENG"]
[Date "2007.08.13"]
[Round "7"]
[White "McNab,C"]
[Black "L'Ami,E"]
[Result "0-1"]
[WhiteElo "2416"]
[BlackElo "2598"]

1.Nf3 Nf6 2.g3 g6 3.c4 Bg7 4.Bg2 O-O 5.O-O c6 6.d4 d5 7.b3 Bg4 8.Bb2 Bxf3
9.Bxf3 Ne4 10.e3 f5 11.Bg2 Nd7 12.f3 Nef6 13.Nd2 e6 14.Qc2 Kh8 15.Rae1 Re8
16.e4 f4 17.e5 Ng8 18.Rf2 Ne7 19.Bh3 Nf5 20.Bxf5 gxf5 21.Nf1 Bh6 22.Bc1 Rg8
23.Rg2 Nf8 24.c5 Ng6 25.Bd2 Qg5 26.Ree2 Qh5 27.Ref2 Rg7 28.g4 fxg4 29.fxg4 Qh3
30.g5 Nh4 31.Bxf4 Nxg2 32.gxh6 Rg4 33.Bg3 Nh4 34.Rf7 Rg6 35.Rxb7 Rag8 36.Qf2 Nf5
37.Rf7 Nxg3 38.Nxg3 Rxg3+ 39.hxg3 Rxg3+  0-1

[Event "Petrovskaya Ladya IM1"]
[Site "Peterhof RUS"]
[Date "2007.08.13"]
[Round "13"]
[White "Zhidkov,V"]
[Black "Feofanov,D"]
[Result "1-0"]
[WhiteElo "2353"]
[BlackElo "2381"]

1.Nf3 Nf6 2.g3 g6 3.Bg2 Bg7 4.c4 O-O 5.O-O d6 6.d4 Nbd7 7.Nc3 e5 8.Qc2 Re8
9.Rd1 c6 10.dxe5 dxe5 11.Ng5 Qe7 12.Nce4 Nc5 13.Nd6 Rf8 14.Be3 Nfd7 15.b4 Ne6
16.Nxe6 Qxe6 17.b5 e4 18.Rab1 f5 19.bxc6 bxc6 20.Qa4 Ne5 21.Bf4 Rd8 22.c5 Bd7
23.Bxe5 Bxe5 24.e3 Be8 25.Bf1 Kh8 26.Bc4 Qf6 27.Nxe8 Rxe8 28.Rb7 Re7 29.Rxe7 Qxe7
30.Qxc6 Qf8 31.Rd7  1-0

[Event "ch-Euro IBCA"]
[Site "Durham ENG"]
[Date "2007.08.14"]
[Round "1"]
[White "Smirnov,SN"]
[Black "Hilton,S"]
[Result "1-0"]
[WhiteElo "2201"]
[BlackElo "1992"]

1.Nf3 Nf6 2.c4 g6 3.g3 Bg7 4.Bg2 O-O 5.d4 d6 6.O-O Nc6 7.Nc3 a6 8.h3 Rb8
9.Be3 b5 10.Nd2 Bd7 11.Rc1 b4 12.Nce4 Nxe4 13.Nxe4 h6 14.d5 Na5 15.b3 Qc8
16.Kh2 c5 17.dxc6 Bxc6 18.Ba7 Rb7 19.Bd4 f5 20.Bxg7 Kxg7 21.Nd2 e5 22.Nf3 Qe6
23.Qd2 Rd7 24.Qxb4 Nb7 25.Nd4  1-0

[Event "Acropolis Open"]
[Site "Athens GRE"]
[Date "2007.08.15"]
[Round "2"]
[White "Nikolaou,G"]
[Black "Goumas,G"]
[Result "1/2-1/2"]
[WhiteElo "2257"]
[BlackElo "2183"]

1.Nf3 Nf6 2.c4 g6 3.g3 Bg7 4.Bg2 O-O 5.O-O d5 6.Qc2 c6 7.d3 Bf5 8.b3 Qc8
9.Re1 Bh3 10.Bb2 Bxg2 11.Kxg2 b5 12.Nbd2 Na6 13.Rac1 Rb8 14.Be5 Ra8 15.cxb5 cxb5
16.Qb2 Qb7 17.b4 Rfc8 18.Nb3 Ne8 19.a3 f6 20.Bd4 e5 21.Nc5 Nxc5 22.Bxc5 d4
23.Kg1 Nc7 24.Qb3+ Qd5 25.Qxd5+ Nxd5 26.Nd2 Bh6 27.Rc2 a5 28.Ne4 Ra6 29.Rb2 axb4
30.axb4 f5 31.Nd2 Ra3 32.Nf3 Bg7 33.Ng5 Rc6 34.f4 exf4 35.Nf3 fxg3 36.hxg3 Ra4
37.Bxd4 Bf8 38.Bc5 Nxb4 39.Bxf8 Kxf8 40.Reb1 Nd5 41.Rxb5 Ne7 42.Kf2 Ra7 43.Rb8+ Kg7
44.Nd4 Rca6 45.Kf3 Rd7 46.Nb3 Rc6 47.Na5 Re6 48.R1b7 Rxb7 49.Rxb7 Kf6 50.Nb3  1/2-1/2

[Event "Independence Cup A"]
[Site "Kyiv UKR"]
[Date "2007.08.15"]
[Round "3"]
[White "Matorin,E"]
[Black "Baryshpolets,A"]
[Result "1/2-1/2"]
[WhiteElo "2259"]
[BlackElo "2307"]

1.Nf3 Nf6 2.c4 g6 3.g3 Bg7 4.Bg2 O-O 5.O-O d6 6.d4 Nbd7 7.Nc3 e5 8.e4 c6
9.h3 a5 10.Be3 exd4 11.Nxd4 Re8 12.Qc2 Nc5 13.Rfe1 a4 14.Rad1 Nfd7 15.f4 Qa5
16.Bf2 Qb4 17.a3 Qa5 18.Nf3 Nb6 19.Nb1 f5 20.e5 dxe5 21.Nxe5 Be6 22.Nd2 Rad8
23.Bxc6 bxc6 24.Nxc6 Rxd2 25.Qxd2 Qxd2 26.Rxd2 Ne4 27.Rxe4 fxe4 28.Bxb6 Bxc4
29.Be3 h5 30.Kf2 Be6 31.Kg2 Bf5 32.Rc2 Kh7 33.Ne5 Bxe5 34.fxe5 Rxe5 35.Rc7+ Kg8
36.Ra7 Rb5 37.Bd4 e3 38.Kf3 Bc2 39.Kxe3 Rg5 40.Kf2 Rf5+ 41.Ke2 Kf8 42.Kd2 Bb3
43.Ke3 Rg5 44.Kf2 Rf5+ 45.Ke2 Rg5 46.Bf2 Re5+ 47.Kd3 Rf5 48.Be1 Rf1 49.Bb4+ Kg8
50.Ke3 Rf5 51.g4 hxg4 52.hxg4 Rf1 53.Bc3 Kf8 54.Ke4 Rg1 55.Kf4 Bd1 56.Kg5 Rxg4+
57.Kf6 Rf4+ 58.Kxg6 Bc2+ 59.Kg5 Rf1 60.Bd4 Ke8 61.Be3 Bb3 62.Bf4 Rf2 63.Be5 Kd8
64.Bd4 Rf7 65.Bf6+ Kc8 66.Ra5 Rd7 67.Kf5 Rd5+  1/2-1/2

[Event "TCh-ESP CECLUB Norte Div 1"]
[Site "Sabadell ESP"]
[Date "2007.08.15"]
[Round "1"]
[White "Obon Temprano,S"]
[Black "Antoli Royo,J"]
[Result "0-1"]
[WhiteElo "2208"]
[BlackElo "2379"]

1.Nf3 Nf6 2.c4 g6 3.g3 Bg7 4.Bg2 O-O 5.O-O d5 6.cxd5 Nxd5 7.Nc3 Nb6 8.d3 Nc6
9.Be3 e5 10.Qd2 Re8 11.Bh6 Bh8 12.h4 Ne7 13.Bg5 f6 14.Be3 Nf5 15.Bc5 Bg7
16.Ne4 Nd6 17.Nxd6 cxd6 18.Ba3 Be6 19.Rfc1 Bd5 20.Qb4 Bf8 21.h5 Qd7 22.hxg6 hxg6
23.Nd2 Bf7 24.Qh4 Be7 25.Ne4 Kg7 26.Bxd6 g5 27.Bxe7 gxh4 28.Bxf6+ Kf8 29.Bxh4 Nd5
30.Bf3 Rac8 31.Kg2 Kg7 32.Rh1 Rh8 33.Rh2 Bh5 34.Bxh5 Rxh5 35.Rah1 Kg6 36.Rh3 Rc2
37.g4 Qxg4+ 38.Rg3 Nf4+  0-1

[Event "Romanian Open"]
[Site "Predeal ROM"]
[Date "2007.08.18"]
[Round "9"]
[White "Jaracz,P"]
[Black "Matamoros Franco,C"]
[Result "1/2-1/2"]
[WhiteElo "2495"]
[BlackElo "2528"]

1.Nf3 Nf6 2.c4 g6 3.g3 Bg7 4.Bg2 O-O 5.d4 d6 6.Nc3 Nbd7 7.O-O e5 8.e4 a6
9.d5 Ne8 10.Qc2 c5 11.dxc6 bxc6 12.b4 a5 13.b5 Bb7 14.Bg5 Bf6 15.Bh6 Bg7
16.Bg5 Bf6 17.Bh6 Bg7  1/2-1/2

[Event "Petrovskaya Ladya IM2"]
[Site "Peterhof RUS"]
[Date "2007.08.20"]
[Round "11"]
[White "Zacurdajev,M"]
[Black "Fedoseev,Vl3"]
[Result "1-0"]
[WhiteElo "2384"]
[BlackElo "2237"]

1.Nf3 Nf6 2.g3 g6 3.Bg2 Bg7 4.c4 O-O 5.d4 d6 6.Nc3 c5 7.dxc5 dxc5 8.Be3 Qa5
9.O-O Ng4 10.Bd2 Nc6 11.h3 Nge5 12.Nxe5 Nxe5 13.Nd5 Qd8 14.Bg5 f6 15.Be3 e6
16.Nc3 Qc7 17.Nb5 Qb6 18.Qc1 Bd7 19.a4 a5 20.Rd1 Bxb5 21.cxb5 Rac8 22.Ra3 Qc7
23.f4 Nd7 24.Rad3 Nb6 25.b3 Rfe8 26.Qd2 c4 27.Rd6 c3 28.Bxb6 cxd2 29.Bxc7 Rxc7
30.R1xd2 Bf8 31.Rd7 Bc5+ 32.Kf1 Rxd7 33.Rxd7 b6 34.Bc6 Re7 35.Rd8+ Kg7 36.e4 e5
37.Ke2 f5 38.Kf3 exf4 39.gxf4 fxe4+ 40.Bxe4 Kh6 41.Rd5 Bb4 42.h4 Rc7 43.Kg4 Rc3
44.f5 Rxb3 45.fxg6 hxg6 46.Rg5 Re3 47.Rxg6+ Kh7 48.Bf5 Ra3 49.Rxb6+ Kg7 50.Bc2 Ra1
51.Rg6+ Kf7 52.b6 Rg1+ 53.Kh5 Re1 54.Bb3+ Ke7 55.b7 Re5+ 56.Kg4 Bd6 57.Rxd6 Re4+
58.Kf5 Rb4 59.Re6+ Kd7 60.Bd5 Kc7 61.Re8  1-0

[Event "ch-Euro IBCA"]
[Site "Durham ENG"]
[Date "2007.08.21"]
[Round "7"]
[White "Zoltek,T"]
[Black "Chojnowski,M"]
[Result "0-1"]
[WhiteElo "2237"]
[BlackElo "2159"]

1.Nf3 Nf6 2.c4 g6 3.g3 Bg7 4.Bg2 O-O 5.O-O d6 6.Nc3 e5 7.d3 Nc6 8.Rb1 a5
9.a3 Re8 10.b4 axb4 11.axb4 e4 12.dxe4 Nxe4 13.Nxe4 Rxe4 14.b5 Nd4 15.e3 Nxf3+
16.Bxf3 Rxc4 17.Bd5 Rca4 18.Qf3 Bf5 19.e4 Be6 20.Bxb7 Ba2 21.Bxa8 Bxb1 22.Bd5 Qe8
23.Qb3 Ra1 24.Bb2 Ba2 25.Rxa1 Bxb3 26.Bxb3 Bxb2 27.Ra7 Qxb5  0-1

[Event "Dato Arthur Tan Malaysian Op"]
[Site "Kuala Lumpur MAS"]
[Date "2007.08.21"]
[Round "4"]
[White "Dotsenko,Vi"]
[Black "Zhang Jilin"]
[Result "0-1"]
[WhiteElo "2132"]
[BlackElo "2338"]

1.Nf3 Nf6 2.c4 g6 3.g3 Bg7 4.Bg2 O-O 5.O-O c5 6.d4 cxd4 7.Nxd4 Nc6 8.Nc3 Nxd4
9.Qxd4 d6 10.Qd2 Rb8 11.b3 Be6 12.Bb2 Qa5 13.Rfd1 Rfc8 14.Nb5 Qxd2 15.Rxd2 a6
16.Nd4 Nd7 17.Rad1 Nc5 18.Nxe6 Nxe6 19.Bxg7 Kxg7 20.h4 b5 21.cxb5 Rxb5 22.e3 a5
23.Bh3 Kf6 24.Rd5 Rxd5 25.Rxd5 Rc1+ 26.Bf1 Nc5 27.Rd2 Ne4 28.Rb2 Nc3 29.a3 Ra1
30.b4 Rxa3 31.bxa5 Rxa5 32.Kg2 Ra2 33.Rxa2 Nxa2 34.Bc4 Nc3 35.Bd3 h6 36.Bc2 d5
37.Bb3 Ke5 38.Bc2 Kd6 39.Kf1 Kc5 40.Ke1 e5 41.Kd2 Kb4 42.g4 Ne4+ 43.Ke1 Nd6
44.Kd2 Nc4+ 45.Kd3 g5 46.hxg5 hxg5 47.f3 Na3 48.Bd1 f6 49.Be2 Nc4 50.Bf1 Kc5
51.Be2 d4 52.exd4+ exd4 53.Ke4 Nd6+ 54.Kd3 Kd5 55.Bd1 Nb7 56.Bb3+ Ke5 57.Bd1 Nc5+
58.Kc4 Ne6 59.Bc2 Nf4 60.Be4 Ne2 61.Kd3 Ng1 62.Bb7 Kf4 63.Kxd4 Nxf3+ 64.Kd3 Ne5+
65.Ke2 Nxg4 66.Bc6 Ne5 67.Bd5 f5 68.Bb7 Kg3  0-1

[Event "1st Serbian League Men"]
[Site "Zlatibor SRB"]
[Date "2007.08.21"]
[Round "1"]
[White "Bogosavljevic,B"]
[Black "Popovic,Du"]
[Result "1/2-1/2"]
[WhiteElo "2491"]
[BlackElo "2551"]

1.Nf3 Nf6 2.c4 g6 3.g3 Bg7 4.Bg2 O-O 5.O-O d6 6.d4 Nc6 7.d5 Na5 8.Nfd2 c5
9.Nc3 a6 10.Qc2 Rb8 11.b3 b5 12.Rb1 h5 13.Bb2 Bf5 14.e4 Bd7 15.Nd1 e5 16.Bc3 h4
17.b4 cxb4 18.Bxb4 Nb7 19.cxb5 axb5 20.Nc3 Bh6 21.Nb3 Qb6 22.Ne2 Rfc8 23.Qd1 Ra8
24.Bd2 Bxd2 25.Qxd2 hxg3 26.Nxg3 Kg7 27.Rbc1 Rc4 28.Rfe1 Rh8 29.Bf1 Rxc1
30.Rxc1 Ng4 31.h3 Nf6 32.Qg5 Rc8 33.Rxc8 Bxc8 34.Kg2 Bd7 35.Be2 Qd8 36.h4 b4
37.f4 exf4 38.Qxf4 Qe7 39.Bf3 Qe5 40.Qxe5 dxe5 41.Ne2 Ba4 42.Nec1 Nd7 43.Nd3 Bxb3
44.axb3 Nbc5 45.Nxb4 Nxb3 46.Nc6 Nbc5 47.h5 gxh5 48.Bxh5 Nxe4 49.Bxf7 Kxf7
50.Nxe5+ Nxe5 51.d6  1/2-1/2

[Event "Acropolis Open"]
[Site "Athens GRE"]
[Date "2007.08.22"]
[Round "9"]
[White "Grigoriadis,A"]
[Black "Kanakaris,G"]
[Result "1/2-1/2"]
[WhiteElo "2362"]
[BlackElo "2216"]

1.c4 Nf6 2.Nf3 g6 3.g3 Bg7 4.Bg2 O-O 5.O-O d6 6.d4 Nbd7 7.Nc3 e5 8.e4 c6
9.Re1 Qb6 10.Na4 Qc7 11.b3 b5 12.Nb2 Re8 13.Rb1 Bb7 14.Bg5 a6 15.d5 cxd5
16.cxd5 Nc5 17.Nd2 a5 18.Rc1 Qb8 19.Be3 Nfd7 20.Bf1 Ba6 21.Nd3 Rc8 22.Nxc5 Nxc5
23.Bxc5 Rxc5 24.Rxc5 dxc5 25.Qc2 Qb6 26.a4 Bh6 27.Nf3 f6 28.axb5 Bxb5 29.Bxb5 Qxb5
30.d6 Rd8 31.Rd1 Bf8 32.Kg2 Rxd6 33.Rxd6 Bxd6 34.Qd2 Be7 35.Qd5+ Kf8 36.g4 Ke8
37.Qg8+ Kd7 38.g5 Qc6 39.gxf6 Qxf6 40.Qd5+ Bd6 41.Qb7+ Bc7 42.Qd5+ Bd6 43.Qb7+ Bc7
44.Qd5+ Bd6  1/2-1/2

[Event "TCh-ESP CECLUB Sur Div 1"]
[Site "Burguillos ESP"]
[Date "2007.08.24"]
[Round "4"]
[White "Matamoros Franco,C"]
[Black "Llavador Moron,J"]
[Result "1-0"]
[WhiteElo "2528"]
[BlackElo "2194"]

1.Nf3 Nf6 2.c4 g6 3.g3 Bg7 4.Bg2 O-O 5.O-O d6 6.d4 Nbd7 7.Nc3 e5 8.e4 Re8
9.h3 exd4 10.Nxd4 Nc5 11.Re1 a5 12.b3 c6 13.Rb1 Nfd7 14.Be3 Nf8 15.Qd2 Nfe6
16.Rbd1 Qc7 17.Nde2 Bf8 18.g4 b6 19.f4 Bb7 20.f5 Ng7 21.f6 Nge6 22.Bh6 Rad8
23.Bxf8 Rxf8 24.Rf1 Rd7 25.Qh6 Rb8 26.g5 Qd8 27.Qh4 Qf8 28.Qg3 Rbd8 29.h4 h5
30.Rd2 Nc7 31.Bh3 N5e6 32.Nf4 d5 33.exd5 cxd5 34.cxd5 Qc5+ 35.Kh2 Bxd5 36.Ncxd5 Rxd5  1-0

[Event "12th ch-Asia w"]
[Site "Tehran IRI"]
[Date "2007.09.03"]
[Round "1"]
[White "Navabi,S"]
[Black "Zhang Jilin"]
[Result "1/2-1/2"]
[WhiteElo "2121"]
[BlackElo "2338"]

1.Nf3 Nf6 2.c4 g6 3.g3 Bg7 4.Bg2 O-O 5.O-O d5 6.cxd5 Nxd5 7.d4 Nb6 8.Nc3 c6
9.h3 N8d7 10.Bf4 Qe8 11.Kh2 e5 12.dxe5 Nc4 13.Ne4 Ndxe5 14.Nxe5 Nxe5 15.Bh6 Qd8
16.Bxg7 Qxd1 17.Rfxd1 Kxg7 18.Nd6 Rd8 19.f4 Nd7 20.b4 Nf6 21.b5 cxb5 22.Nxb5 Bd7
23.Nd6 Ba4 24.Rd3 Bc6 25.Nxb7 Rxd3 26.exd3 Bxg2 27.Kxg2 Rc8 28.Kf3 Nd5 29.Rb1 Rc2
30.a4 Nc3 31.Ra1 Na2 32.a5 a6 33.Nc5 Nb4 34.Rb1 Rxc5 35.Rxb4 Rxa5 36.g4 Ra1
37.d4 Ra3+ 38.Ke4 h5 39.gxh5 gxh5 40.Rb6 h4 41.Kf5 Rxh3 42.Kg4 Rd3 43.Kxh4 Rxd4
44.Kg5 a5 45.Ra6 Rd5+ 46.f5  1/2-1/2

[Event "4th LGA Premium Cup"]
[Site "Nuernberg GER"]
[Date "2007.09.09"]
[Round "6"]
[White "Donchenko,A"]
[Black "Hirneise,J"]
[Result "1-0"]
[WhiteElo "2375"]
[BlackElo "2090"]

1.Nf3 Nf6 2.c4 g6 3.g3 Bg7 4.Bg2 O-O 5.O-O d6 6.Nc3 a6 7.d4 Nc6 8.b3 Rb8
9.e3 Bd7 10.Qe2 e5 11.dxe5 Ng4 12.Bb2 Ngxe5 13.Nxe5 Nxe5 14.h3 Re8 15.f4 Nc6
16.Nd5 Nd4 17.Qd2 Nf5 18.e4 c6 19.exf5 Bxb2 20.Qxb2 cxd5 21.fxg6 hxg6 22.Bxd5 Bxh3
23.Rfe1 Be6 24.Bxe6 Rxe6 25.Rxe6 fxe6 26.Rd1 Rc8 27.Qd4 Rc6 28.Kg2 Qf8 29.Kf3 Qh6
30.Kg2 Qh5 31.Re1 Kf7 32.Qb2 Qf5 33.Qh8 Ke7 34.Qb8 Qc2+ 35.Kg1 Rc5 36.Qxb7+ Kf6
37.Qd7 Qf5 38.Qxd6 Kf7 39.Qd7+ Kf8 40.Qxe6  1-0

[Event "17th ch-EU U16 Boys"]
[Site "Sibenik CRO"]
[Date "2007.09.23"]
[Round "9"]
[White "Bregadze,L"]
[Black "Lavrik,D"]
[Result "1-0"]
[WhiteElo "2324"]
[BlackElo "2371"]

1.Nf3 Nf6 2.g3 g6 3.Bg2 Bg7 4.c4 O-O 5.Nc3 d5 6.cxd5 Nxd5 7.O-O c5 8.Nxd5 Qxd5
9.d3 Nc6 10.Be3 Qd6 11.Qc1 Nd4 12.Bxd4 Bxd4 13.Nxd4 Qxd4 14.Qg5 f6 15.Qd2 Rb8
16.Rac1 b6 17.Rc4 Qd6 18.b4 cxb4 19.Rc6 Qe5 20.Qxb4 Qxe2 21.Bd5+ e6 22.Qe7 Qxd3
23.Rc7  1-0

[Event "GM"]
[Site "Corfu GRE"]
[Date "2007.10.04"]
[Round "4"]
[White "Khetsuriani,B"]
[Black "Dembo,Y"]
[Result "1-0"]
[WhiteElo "2337"]
[BlackElo "2448"]

1.Nf3 Nf6 2.c4 g6 3.g3 Bg7 4.Bg2 O-O 5.O-O d6 6.Nc3 Nc6 7.d4 a6 8.d5 Na5
9.b3 c5 10.dxc6 bxc6 11.Bb2 Rb8 12.Qd2 Be6 13.Rab1 Bf5 14.Rbc1 c5 15.Ne1 Bd7
16.Nd3 Nc6 17.Nf4 Ne8 18.Rcd1 Ne5 19.Ba1 Bc6 20.Nfd5 Bb7 21.h3 Nc6 22.Kh2 e6
23.Ne3 f5 24.Nc2 Qe7 25.f4 h5 26.Ne1 h4 27.gxh4 Rd8 28.Qe3 Qxh4 29.Nf3 Qe7
30.Ng5 Nc7 31.Qg3 Bh6 32.e3 Na5 33.Bxb7 Nxb7 34.Rg1 Bxg5 35.Qf3 Ne8 36.Rxg5 Kf7
37.Rxg6 Kxg6 38.Rg1+ Kh6 39.Qg3 Rg8 40.Qxg8 Ng7 41.Nd5  1-0

[Event "WJun Girls"]
[Site "Yerevan ARM"]
[Date "2007.10.08"]
[Round "6"]
[White "Harika,D"]
[Black "Abrahamyan,T"]
[Result "1-0"]
[WhiteElo "2480"]
[BlackElo "2246"]

1.Nf3 Nf6 2.c4 g6 3.g3 Bg7 4.Bg2 O-O 5.O-O d6 6.d4 Nc6 7.Nc3 a6 8.Qd3 Nd7
9.Be3 Rb8 10.Rac1 h6 11.Qd2 Kh7 12.d5 Na5 13.b3 c5 14.dxc6 bxc6 15.Ba7 Ra8
16.Bd4 Ne5 17.Rfd1 Qc7 18.c5 Nxf3+ 19.exf3 d5 20.f4 Bf5 21.Bxg7 Kxg7 22.Bxd5 Nb7
23.Bf3 Rad8 24.Qe3 Rfe8 25.g4 Bd7 26.Re1 f6 27.g5 hxg5 28.fxg5 Bf5 29.Ne4 fxg5
30.Ng3 Kf6 31.Nxf5 gxf5 32.Qe6+ Kg7 33.Bh5 Qf4 34.Rc4 Qd2 35.Qg6+ Kh8 36.Qh6+  1-0